Ballon d‘Or Gewinner der Serie A - Statistiken

Allgemein
  • Dieses Quiz wurde 56 mal gespielt
  • Das Durchschnittsergebnis liegt bei 11 aus 19
Antwortstatistiken
Hint Antwort % Korrekt
2007 / AC Mailand Kaka
90%
1997 / Inter Mailand Ronaldo
88%
2002 / Inter Mailand und Real Madrid Ronaldo
88%
1998 / Juventus Turin Zinedine Zidane
72%
2003 / Juventus Turin Pavel Nedved
68%
1988 / AC Mailand Marco van Basten
66%
1989 / AC Mailand Marco van Basten
66%
1992 / AC Mailand Marco van Basten
66%
1990 / Inter Mailand Lothar Matthäus
64%
1983 / Juventus Turin Michel Platini
62%
1984 / Juventus Turin Michel Platini
62%
1985 / Juventus Turin Michel Platini
62%
1993 / Juventus Turin Roberto Baggio
54%
1987 / AC Mailand Ruud Gullit
54%
1995 / AC Mailand George Weah
52%
1982 / Juventus Turin Paolo Rossi
48%
2004 / Juventus Turin Andriy Shevchenko
38%
1969 / AC Mailand Gianni Rivera
26%
1961 / Juventus Turin Omar Sivori
16%
Keine übereinstimmenden Quizze gefunden
Verteilung der Resultate
Anzahl Personen mit jedem Resultat
Perzentil nach korrekt beantworteten Fragen
Ihre Resultats-Entwicklung
Sie haben dieses Quiz noch nicht gespielt